00804nam a2200193 a 450000100100000000500170001000800410002704000250006808200080009324500830010126000680018430000360025249000240028870000280031283000310034095201140037195201080048599900170059300002484320200930023413.0110204s1974 cauac r 000 0 spa d aDO-SdBNPbspacBNPHU bE5601aEn vos confío /crevisado por Sri Ramatherio ; edición privada y limitada. aSan José, California :bGran Logia Suprema de Amorc,c[1974]. a170 p. :bil., retrs. ;c20 cm.1 aBiblioteca Rosacruz1 aRamatherio, Sri.950991 0aBiblioteca Rosacruz940635 001054708MOaGRbGRcHDd2011-02-04iLF1l0o E56p24843-10r2020-06-25w2020-06-25y4ZPréstamo en sala 001150718MOaGRbGRcMId2017-05-22iLF1l0o E56p24843-20r2020-06-25w2020-06-25y1ZNo se presta c24336d24336